Normal view
MARC view
- NIAZ, MUHAMMAD
Entry Personal Name
001 - CONTROL NUMBER
- control field: 75095
003 - CONTROL NUMBER IDENTIFIER
- control field: NUST
005 - DATE AND TIME OF LATEST TRANSACTION
- control field: 20210628205344.0
008 - FIXED-LENGTH DATA ELEMENTS
- fixed length control field: 210628|| aca||aabn | a|a d
040 ## - CATALOGING SOURCE
- Original cataloging agency: NUST
- Transcribing agency: NUST
100 ## - HEADING--PERSONAL NAME
- Personal name: NIAZ, MUHAMMAD
670 ## - SOURCE DATA FOUND
- Source citation: Work cat.: (NUST): NIAZ, MUHAMMAD, TELEVISION GUIDE WITH PICTURES, 1979
